Fast Second (Record no. 114330)
[ view plain ]
| 000 -LEADER | |
|---|---|
| fixed length control field | 01348cam a22002175a 4500 |
| 001 - CONTROL NUMBER | |
| control field | L156629 |
| 008 - FIXED-LENGTH DATA ELEMENTS--GENERAL INFORMATION | |
| fixed length control field | 140612s2012 xxk f 001 0 eng d |
| 020 ## - INTERNATIONAL STANDARD BOOK NUMBER | |
| International Standard Book Number | 9780787971540 |
| 035 ## - SYSTEM CONTROL NUMBER | |
| System control number | (Sirsi) u156629 |
| 041 0# - LANGUAGE CODE | |
| Language code of text/sound track or separate title | eng |
| 050 04 - LIBRARY OF CONGRESS CALL NUMBER | |
| Classification number | 658.5 $2 18 |
| 100 1# - MAIN ENTRY--PERSONAL NAME | |
| Personal name | Markides, Constantinos C. |
| 245 00 - TITLE STATEMENT | |
| Title | Fast Second |
| Remainder of title | how smart companies bypass radical innovation to enter and dominate new markets |
| 260 ## - PUBLICATION, DISTRIBUTION, ETC. | |
| Place of publication, distribution, etc. | San Francisco |
| Name of publisher, distributor, etc. | Jossey-Bass |
| Date of publication, distribution, etc. | 2005. |
| 300 ## - PHYSICAL DESCRIPTION | |
| Extent | vii,200 p. |
| Dimensions | 24 cm. |
| 505 2# - FORMATTED CONTENTS NOTE | |
| Formatted contents note | Spotting the real innovators -- Where do radical innovations comes from? -- From new technologies to new markets -- Colonists and consolidators -- From Colonization to Consolidation -- Racing to be second: when to enter new markets -- The changing basis of competition -- Creating the markets of the twenty- first century. |
| 520 ## - SUMMARY, ETC. | |
| Summary, etc. | This book offers advice for organisations that aspire to create or conquer new markets. Aspects explored are how radical innovation creates new to the world markets; what the structual characteristics of early markets are and the implications for prospective new entrants; how established firms can enter these markets and when is the right time to make their move and how to position one's company in markets that are being consolidated. |
| 650 24 - SUBJECT ADDED ENTRY--TOPICAL TERM | |
| Topical term or geographic name entry element | Management |
| 700 1# - ADDED ENTRY--PERSONAL NAME | |
| Personal name | Geroski, Paul A. |
| 942 ## - ADDED ENTRY ELEMENTS (KOHA) | |
| Suppress in OPAC | 0 |
| Withdrawn status | Lost status | Source of classification or shelving scheme | Damaged status | Not for loan | Home library | Current library | Shelving location | Date acquired | Total Checkouts | Full call number | Barcode | Date last seen | Copy number | Price effective from | Koha item type |
|---|---|---|---|---|---|---|---|---|---|---|---|---|---|---|---|
| Dewey Decimal Classification | London | London | Staff library | 14/06/2012 | STAFF MARKIDES | 30077466 | 06/08/2019 | 1 | 06/08/2019 | Book |